Vagyon elleni erőszakos bűncselekmények
Elmentve itt :
| Szerző: | |
|---|---|
| További közreműködők: | |
| Dokumentumtípus: | Szakdolgozat |
| Megjelent: |
1999
|
| Tárgyszavak: | |
| Online Access: | http://diploma.bibl.u-szeged.hu/25123 |
| LEADER | 00569nta a2200157 i 4500 | ||
|---|---|---|---|
| 001 | dipl25123 | ||
| 005 | 20130314083205.0 | ||
| 008 | 110907s1999 hu om 0|| zxx d | ||
| 040 | |a SZTE Diploma Repozitórium |b hun | ||
| 041 | |a zxx | ||
| 100 | 1 | |a Steigervald Frigyes | |
| 245 | 1 | 0 | |a Vagyon elleni erőszakos bűncselekmények |h [elektronikus dokumentum] / |c Frigyes Steigervald |
| 260 | |c 1999 | ||
| 650 | 4 | |a Jogi és igazgatási tanulmányok | |
| 700 | 1 | |a Maráz Vilmosné |e ths | |
| 856 | 4 | 0 | |u http://diploma.bibl.u-szeged.hu/id/eprint/25123/1/1999_steigervald_frigyes.pdf |z Dokumentum-elérés |